| 000 | 00654nam a2200121Ia 4500 | ||
|---|---|---|---|
| 008 | 220620s9999||||xx |||||||||||||| ||und|| | ||
| 245 | 0 | _aAlternative Fuels for Transportation | |
| 546 | _aEnglish[eng] | ||
| 650 | _aPower and Energy||Automotive Technology and Engineering||ENG||MechanicalEngineering||ENERGYANDCLEANTECH||SCI-TECH||STM||Alternative Energy Sources||Alternative Fuels||Biodiesel||Ethanol||Fuel Technology||Internal Combustion Engines||Methanol||Nonconventional Fuels||Renewable Energy||Sustainable Development | ||
| 700 | _aRamadhas, A S | ||
| 856 | _uhttps://library.oapen.org/bitstream/20.500.12657/41650/1/9781439819586.pdf | ||
| 942 | _cEB | ||
| 999 |
_c34110 _d34110 |
||